Statistics for European Countries - Type the First Letter

Click here to take the quiz!

General Stats

  • This quiz has been taken 46,678 times
  • The average score is 35 of 45

Answers on the Map

Answers color-coded by a green-red scale on the quiz's map according to % correct below.
 

Answer Stats

Country% Correct
Finland
79%
France
79%
Germany
79%
Greece
79%
Iceland
79%
Ireland
79%
Italy
79%
Norway
79%
Portugal
79%
Russia
79%
Spain
79%
Sweden
79%
United Kingdom
79%
Andorra
78%
Austria
78%
Belarus
78%
Belgium
78%
Croatia
78%
Denmark
78%
Estonia
78%
Latvia
78%
Liechtenstein
78%
Lithuania
78%
Luxembourg
78%
Malta
78%
Monaco
78%
Netherlands
78%
Poland
78%
San Marino
78%
Switzerland
78%
Ukraine
78%
Vatican City
78%
Czech Republic
77%
Moldova
77%
North Macedonia
77%
Romania
77%
Slovakia
77%
Slovenia
77%
Albania
76%
Bulgaria
76%
Bosnia and
Herzegovina
76%
Hungary
76%
Kosovo
76%
Serbia
76%
Montenegro
75%

Score Distribution

Percentile by Number Answered

Percent of People with Each Score

Your Score History

You have not taken this quiz